| 000 | 00344nam a2200121Ia 4500 | ||
|---|---|---|---|
| 008 | 230907s9999||||xx |||||||||||||| ||und|| | ||
| 082 |
_a339.46 _bPOV |
||
| 245 | 0 | _aPoverty Alleviation in Contemporary China / | |
| 260 |
_aChina Renmin University Press, _bBeijing : _c2019 |
||
| 300 | _a298 p. | ||
| 650 |
_aChinese Studies _9116217 |
||
| 942 | _cBK | ||
| 999 |
_c601636 _d601636 |
||